000 02065nam a22004457a 4500
003 CHAP
005 20220329134112.0
008 971013s1949 r 00010 d
010 _a15388
011 _a16360
035 _a20439
040 _cCHAP
082 _a624.182
_bG75t 1949
100 0 0 _aGrinter, Linton Elias.
_950750
245 _aTheory of modern steel structures
250 _arev. ed.
260 _aNew York :
_bMacMillan,
_c1949
300 _a2 v.
_b: ilus
505 _aContenido: v.1 Statically determinate structures.- v.2 Statically indeterminate structures and space farmes
590 _aBATCH-UPD
_b10
_c20130110
_lUCH01
_h1705
590 _aBATCH-UPD
_b10
_c20130410
_lUCH01
_h1052
590 _aBATCH-UPD
_b10
_c20130913
_lUCH01
_h1902
590 _aCONVERSION
_b10
_c20130109
_lUCH01
_h1310
650 1 4 _aAcero estructural.
_9487
650 1 4 _aConstrucción de hierro y acero.
_927392
901 _aBK
942 _cLIBRO
949 _a624.182 G75t 1949
_bBC
_cLIBRO
_d33724000018859
_eLIBRO
_fv.1
_h18802
_i20439
_si
949 _a624.182 G75t 1949
_bBC
_cLIBRO
_d33724000018982
_eLIBRO
_fv.2 c.6
_h18813
_i20439
_si
949 _a624.182 G75t 1949
_bBC
_cLIBRO
_d33724000018990
_eLIBRO
_fv.2 c.5
_h18812
_i20439
_si
949 _a624.182 G75t 1949
_bBC
_cLIBRO
_d33724000019006
_eLIBRO
_fv.2 c.4
_h18811
_i20439
_si
949 _a624.182 G75t 1949
_bBC
_cLIBRO
_d33724000019014
_eLIBRO
_fv.2 c.3
_h18810
_i20439
_si
949 _a624.182 G75t 1949
_bBC
_cLIBRO
_d33724000019022
_eLIBRO
_fv.2 c.2
_h18809
_i20439
_si
949 _a624.182 G75t 1949
_bBC
_cLIBRO
_d33724000019030
_eLIBRO
_fv.2
_h18808
_i20439
_si
949 _a624.182 G75t 1949
_bBC
_cLIBRO
_d33724000019048
_eLIBRO
_fv.1 c.6
_h18807
_i20439
_si
949 _a624.182 G75t 1949
_bBC
_cLIBRO
_d33724000019055
_eLIBRO
_fv.1 c.5
_h18806
_i20439
_si
949 _a624.182 G75t 1949
_bBC
_cLIBRO
_d33724000019063
_eLIBRO
_fv.1 c.4
_h18805
_i20439
_si
949 _a624.182 G75t 1949
_bBC
_cLIBRO
_d33724000019071
_eLIBRO
_fv.1 c.3
_h18804
_i20439
_si
949 _a624.182 G75t 1949
_bBC
_cLIBRO
_d33724000019089
_eLIBRO
_fv.1 c.2
_h18803
_i20439
_si
999 _c15388
_d15388